[Event "U20 Polish Youth Championship"]
[Site "Ustron"]
[Date "2019.11.25"]
[Round "3"]
[White "Sowinski, Pawel"]
[Black "Baum, Jonasz"]
[Result "1/2-1/2"]
[Board "10"]
[WhiteElo "1605"]
[WhiteCountry "POL"]
[WhiteFideId "21881979"]
[WhiteEloChange "8"]
[BlackElo "2341"]
[BlackTitle "FM"]
[BlackCountry "POL"]
[BlackFideId "1195360"]
[BlackEloChange "-8"]

1. e4 {[%clk 1:30:30]} c5 {[%clk 1:30:30]} 2. Nf3 {[%clk 1:30:54]} d6 {[%clk
1:30:30]} 3. d4 {[%clk 1:31:09]} cxd4 {[%clk 1:30:30]} 4. Qxd4 {[%clk 1:31:34]}
a6 {[%clk 1:29:48]} 5. h3 {[%clk 1:31:59]} Nc6 {[%clk 1:30:02]} 6. Qe3 {[%clk
1:32:53]} g6 {[%clk 1:25:09]} 7. c4 {[%clk 1:33:05]} Bg7 {[%clk 1:23:10]} 8. Be2
{[%clk 1:33:23]} Nf6 {[%clk 1:17:53]} 9. Nc3 {[%clk 1:33:20]} O-O {[%clk
1:14:04]} 10. O-O {[%clk 1:32:14]} Nd7 {[%clk 1:14:04]} 11. Rb1 {[%clk 1:32:14]}
Nde5 {[%clk 1:14:04]} 12. b3 {[%clk 1:32:14]} f5 {[%clk 1:14:04]} 13. Bb2 {[%clk
1:32:14]} f4 {[%clk 0:33:38]} 14. Qd2 {[%clk 1:25:58]} Nxf3+ {[%clk 0:33:47]} 15.
Bxf3 {[%clk 1:25:08]} Ne5 {[%clk 0:32:41]} 16. Qe2 {[%clk 1:22:54]} b6 {[%clk
0:24:10]} 17. Nd5 {[%clk 1:21:23]} e6 {[%clk 0:16:43]} 18. Bxe5 {[%clk 1:20:07]}
Bxe5 {[%clk 0:17:05]} 19. Nb4 {[%clk 1:20:27]} Bb7 {[%clk 0:14:35]} 20. Nd3
{[%clk 1:20:08]} Qf6 {[%clk 0:12:13]} 21. Nxe5 {[%clk 1:20:07]} Qxe5 {[%clk
0:12:30]} 22. Qb2 {[%clk 1:19:46]} Rfd8 {[%clk 0:05:17]} 23. Rfd1 {[%clk
1:16:52]} Kf7 {[%clk 0:05:01]} 24. Qd4 {[%clk 1:16:44]} Qxd4 {[%clk 0:05:09]} 25.
Rxd4 {[%clk 1:17:05]} Kf6 {[%clk 0:02:14]} 26. Rbd1 {[%clk 1:13:20]} Ke5 {[%clk
0:02:43]} 27. Kf1 {[%clk 1:07:56]} Rac8 {[%clk 0:02:55]} 28. b4 {[%clk 0:57:30]}
a5 {[%clk 0:01:57]} 29. a3 {[%clk 0:56:05]} axb4 {[%clk 0:01:18]} 30. axb4 {[%clk
0:56:09]} Ba6 {[%clk 0:00:52]} 31. Be2 {[%clk 0:56:02]} Rc7 {[%clk 0:00:49]} 32.
f3 {[%clk 0:56:13]} h5 {[%clk 0:00:51]} 33. h4 {[%clk 0:56:18]} Rdd7 {[%clk
0:00:53]} 34. Kf2 {[%clk 0:56:05]} Rc8 {[%clk 0:00:36]} 35. R1d2 {[%clk 0:51:04]}
Bb7 {[%clk 0:00:43]} 36. Rd1 {[%clk 0:43:24]} d5 {[%clk 0:01:02]} 37. g3 {[%clk
0:40:41]} Rf8 {[%clk 0:00:51]} 38. gxf4+ {[%clk 0:26:40]} Rxf4 {[%clk 0:01:06]}
39. Ke3 {[%clk 0:24:51]} Rxh4 {[%clk 0:00:57]} 40. Rg1 {[%clk 0:54:45]} Rh2
{[%clk 0:30:57]} 41. f4+ {[%clk 0:54:45]} Kf6 {[%clk 0:28:26]} 42. e5+ {[%clk
0:48:50]} Kf7 {[%clk 0:26:52]} 43. Bd3 {[%clk 0:47:36]} Rc7 {[%clk 0:11:33]} 44.
Bxg6+ {[%clk 0:46:22]} Kf8 {[%clk 0:11:30]} 45. Bd3 {[%clk 0:42:16]} Rh3+ {[%clk
0:06:04]} 46. Kd2 {[%clk 0:33:04]} h4 {[%clk 0:05:39]} 47. f5 {[%clk 0:30:03]}
Rh2+ {[%clk 0:03:00]} 48. Kd1 {[%clk 0:19:30]} exf5 {[%clk 0:01:04]} 49. cxd5
{[%clk 0:16:25]} h3 {[%clk 0:01:15]} 50. Bxf5 {[%clk 0:09:39]} Rg2 {[%clk
0:00:44]} 51. Rf1 {[%clk 0:09:54]} Rf7 {[%clk 0:01:08]} 52. Rdf4 {[%clk 0:02:38]}
Bxd5 {[%clk 0:00:42]} 53. Bxh3 {[%clk 0:02:49]} Bb3+ {[%clk 0:00:44]} 54. Ke1
{[%clk 0:02:58]} Rg7 {[%clk 0:00:52]} 55. Bf5 {[%clk 0:02:40]} Ke7 {[%clk
0:00:48]} 56. Rd4 {[%clk 0:02:07]} Be6 {[%clk 0:00:58]} 57. Bxe6 {[%clk 0:02:18]}
Rxf1+ {[%clk 0:01:17]} 58. Kxf1 {[%clk 0:02:46]} Kxe6 {[%clk 0:01:46]} 59. Rd6+
{[%clk 0:03:03]} Kxe5 {[%clk 0:02:12]} 60. Rxb6 {[%clk 0:03:27]} Kd5 {[%clk
0:02:20]} 1/2-1/2

[Event "U20 Polish Youth Championship"]
[Site "Ustron"]
[Date "2019.11.25"]
[Round "3"]
[White "Fiedorek, Michal"]
[Black "Dzwierzynski, Bartosz"]
[Result "1/2-1/2"]
[Board "11"]
[WhiteElo "2333"]
[WhiteTitle "FM"]
[WhiteCountry "POL"]
[WhiteFideId "1199528"]
[WhiteEloChange "-6"]
[BlackElo "2065"]
[BlackCountry "POL"]
[BlackFideId "21812837"]
[BlackEloChange "6"]

1. e4 {[%clk 1:30:30]} c5 {[%clk 1:30:54]} 2. Nf3 {[%clk 1:30:44]} d6 {[%clk
1:30:54]} 3. d4 {[%clk 1:31:09]} cxd4 {[%clk 1:30:54]} 4. Nxd4 {[%clk 1:31:29]}
Nf6 {[%clk 1:30:54]} 5. Nc3 {[%clk 1:31:43]} g6 {[%clk 1:30:23]} 6. Be3 {[%clk
1:32:03]} Bg7 {[%clk 1:30:48]} 7. f3 {[%clk 1:32:18]} Nc6 {[%clk 1:31:13]} 8. Qd2
{[%clk 1:31:57]} O-O {[%clk 1:31:12]} 9. g4 {[%clk 1:32:06]} Be6 {[%clk 1:29:04]}
10. Nxe6 {[%clk 1:32:11]} fxe6 {[%clk 1:28:27]} 11. O-O-O {[%clk 1:32:05]} Ne5
{[%clk 1:19:31]} 12. Be2 {[%clk 1:31:23]} Rc8 {[%clk 1:15:30]} 13. Nb5 {[%clk
1:30:26]} Qd7 {[%clk 1:10:15]} 14. Nd4 {[%clk 1:29:24]} Nc4 {[%clk 1:08:57]} 15.
Bxc4 {[%clk 1:29:38]} Rxc4 {[%clk 1:08:57]} 16. Kb1 {[%clk 1:28:15]} Rfc8 {[%clk
1:07:03]} 17. c3 {[%clk 1:27:18]} b5 {[%clk 1:05:29]} 18. h4 {[%clk 1:26:56]} a5
{[%clk 1:03:30]} 19. h5 {[%clk 1:22:53]} b4 {[%clk 1:03:08]} 20. cxb4 {[%clk
1:23:07]} Rxb4 {[%clk 1:03:13]} 21. Rc1 {[%clk 1:06:00]} Rcb8 {[%clk 0:52:36]}
22. Rc2 {[%clk 1:03:39]} Ne8 {[%clk 0:45:06]} 23. hxg6 {[%clk 1:00:27]} hxg6
{[%clk 0:45:11]} 24. a3 {[%clk 0:45:34]} R4b7 {[%clk 0:44:44]} 25. Ka2 {[%clk
0:26:57]} Qa4 {[%clk 0:37:39]} 26. Qd3 {[%clk 0:10:18]} Rb4 {[%clk 0:25:06]} 27.
Rd2 {[%clk 0:09:19]} R4b7 {[%clk 0:23:15]} 28. Rc1 {[%clk 0:06:51]} Nc7 {[%clk
0:17:08]} 29. Qc4 {[%clk 0:06:45]} Qxc4+ {[%clk 0:16:04]} 30. Rxc4 {[%clk
0:07:04]} Kf7 {[%clk 0:16:29]} 31. Rdc2 {[%clk 0:05:49]} Na6 {[%clk 0:15:30]} 32.
Bc1 {[%clk 0:00:35]} Nc5 {[%clk 0:14:47]} 33. Nc6 {[%clk 0:00:34]} Ra8 {[%clk
0:14:46]} 34. Be3 {[%clk 0:00:27]} Nd3 {[%clk 0:12:14]} 35. Bd4 {[%clk 0:00:27]}
Bxd4 {[%clk 0:11:25]} 36. Rxd4 {[%clk 0:00:16]} Nf4 {[%clk 0:10:42]} 37. Ra4
{[%clk 0:00:20]} Rb5 {[%clk 0:10:25]} 38. Nd4 {[%clk 0:00:29]} Rbb8 {[%clk
0:09:01]} 39. Rac4 e5 {[%clk 0:08:44]} 40. Nc6 {[%clk 0:00:00]} Rb5 {[%clk
0:08:53]} 41. Rh2 Kf6 {[%clk 0:08:04]} 42. Rhc2 Ne6 {[%clk 0:07:47]} 1/2-1/2

[Event "U20 Polish Youth Championship"]
[Site "Ustron"]
[Date "2019.11.25"]
[Round "3"]
[White "Walter, Szymon"]
[Black "Turski, Bartlomiej"]
[Result "1/2-1/2"]
[Board "12"]
[WhiteElo "2304"]
[WhiteTitle "FM"]
[WhiteCountry "POL"]
[WhiteFideId "1172590"]
[WhiteEloChange "-7"]
[BlackElo "1993"]
[BlackCountry "POL"]
[BlackFideId "21810567"]
[BlackEloChange "7"]

1. e4 {[%clk 1:30:30]} c5 {[%clk 1:30:30]} 2. Nf3 {[%clk 1:30:39]} d6 {[%clk
1:30:54]} 3. Bb5+ {[%clk 1:30:38]} Nd7 {[%clk 1:31:09]} 4. O-O {[%clk 1:30:43]}
Nf6 {[%clk 1:30:32]} 5. Re1 {[%clk 1:30:37]} g6 {[%clk 1:27:48]} 6. c3 {[%clk
1:30:41]} a6 {[%clk 1:23:12]} 7. Bd3 {[%clk 1:30:51]} Ne5 {[%clk 1:16:48]} 8. Bc2
{[%clk 1:29:18]} Bg4 {[%clk 1:03:01]} 9. d4 {[%clk 1:29:18]} cxd4 {[%clk
1:02:55]} 10. cxd4 {[%clk 1:29:37]} Nxf3+ {[%clk 1:01:26]} 11. gxf3 {[%clk
1:30:02]} Bh3 {[%clk 0:54:49]} 12. f4 {[%clk 1:26:30]} Bh6 {[%clk 0:34:51]} 13.
Nc3 {[%clk 1:17:32]} O-O {[%clk 0:32:35]} 14. Qf3 {[%clk 1:14:46]} Bd7 {[%clk
0:22:31]} 15. Bb3 {[%clk 1:07:37]} e6 {[%clk 0:19:03]} 16. Be3 {[%clk 1:00:22]}
Bc6 {[%clk 0:18:01]} 17. Bc2 {[%clk 0:46:13]} d5 {[%clk 0:13:52]} 18. e5 {[%clk
0:45:46]} Nh5 {[%clk 0:13:35]} 19. f5 {[%clk 0:40:14]} Bxe3 {[%clk 0:13:23]} 20.
fxe3 {[%clk 0:38:08]} exf5 {[%clk 0:12:56]} 21. Bb3 {[%clk 0:33:31]} f6 {[%clk
0:09:21]} 22. e6 {[%clk 0:28:21]} Ng7 {[%clk 0:07:40]} 23. e4 {[%clk 0:24:15]}
fxe4 {[%clk 0:07:13]} 24. Rxe4 {[%clk 0:23:47]} Qd6 {[%clk 0:07:01]} 25. e7
{[%clk 0:20:48]} Rfe8 {[%clk 0:07:15]} 26. Rae1 {[%clk 0:20:31]} Nf5 {[%clk
0:04:22]} 27. Re6 {[%clk 0:11:00]} Qb4 {[%clk 0:03:33]} 28. Bxd5 {[%clk 0:09:15]}
Qxd4+ {[%clk 0:03:06]} 29. Kh1 {[%clk 0:09:14]} Kg7 {[%clk 0:01:57]} 30. Bxc6
{[%clk 0:07:44]} bxc6 {[%clk 0:01:57]} 1/2-1/2

[Event "U20 Polish Youth Championship"]
[Site "Ustron"]
[Date "2019.11.25"]
[Round "3"]
[White "Szpar, Milosz"]
[Black "Raclawicki, Kacper"]
[Result "1-0"]
[Board "13"]
[WhiteElo "2291"]
[WhiteTitle "FM"]
[WhiteCountry "POL"]
[WhiteFideId "1184989"]
[WhiteEloChange "2"]
[BlackElo "1854"]
[BlackCountry "POL"]
[BlackFideId "1174681"]
[BlackEloChange "-2"]

1. e4 {[%clk 1:30:55]} c6 {[%clk 1:30:40]} 2. d4 {[%clk 1:31:10]} d5 {[%clk
1:30:54]} 3. Nd2 {[%clk 1:31:23]} dxe4 {[%clk 1:30:36]} 4. Nxe4 {[%clk 1:31:46]}
Bf5 {[%clk 1:30:50]} 5. Ng3 {[%clk 1:31:45]} Bg6 {[%clk 1:30:55]} 6. h4 {[%clk
1:31:56]} h6 {[%clk 1:31:07]} 7. Nf3 {[%clk 1:32:18]} e6 {[%clk 1:31:04]} 8. Ne5
{[%clk 1:31:28]} Bh7 {[%clk 1:28:10]} 9. Bd3 {[%clk 1:30:19]} Bxd3 {[%clk
1:20:37]} 10. Qxd3 {[%clk 1:30:42]} Nf6 {[%clk 1:19:52]} 11. f4 {[%clk 1:23:56]}
Qa5+ {[%clk 1:13:34]} 12. Bd2 {[%clk 1:22:41]} Qb6 {[%clk 1:11:10]} 13. f5 {[%clk
1:18:18]} c5 {[%clk 1:05:56]} 14. O-O-O {[%clk 0:59:11]} Be7 {[%clk 0:46:09]} 15.
fxe6 {[%clk 0:52:21]} Qxe6 {[%clk 0:45:01]} 16. Nf5 {[%clk 0:52:06]} Kf8 {[%clk
0:40:01]} 17. Kb1 {[%clk 0:48:36]} c4 {[%clk 0:33:55]} 18. Nxc4 {[%clk 0:46:20]}
Nc6 {[%clk 0:33:58]} 19. Rde1 {[%clk 0:43:57]} Qd7 {[%clk 0:31:57]} 20. Nxe7
{[%clk 0:43:12]} Nxe7 {[%clk 0:32:13]} 21. Bb4 {[%clk 0:43:34]} Nd5 {[%clk
0:32:11]} 22. Ne5 {[%clk 0:42:59]} Qe6 {[%clk 0:28:12]} 23. Ba3 {[%clk 0:43:03]}
Kg8 {[%clk 0:24:18]} 24. Rhf1 {[%clk 0:42:42]} f5 {[%clk 0:23:56]} 25. c4 {[%clk
0:42:42]} 1-0

[Event "U20 Polish Youth Championship"]
[Site "Ustron"]
[Date "2019.11.25"]
[Round "3"]
[White "Sernecki, Franciszek"]
[Black "Starosciak, Szymon"]
[Result "1-0"]
[Board "14"]
[WhiteElo "2285"]
[WhiteCountry "POL"]
[WhiteFideId "1169297"]
[WhiteEloChange "2"]
[BlackElo "1714"]
[BlackCountry "POL"]
[BlackFideId "21895848"]
[BlackEloChange "-2"]

1. c4 {[%clk 1:30:15]} Nf6 {[%clk 1:30:00]} 2. Nc3 {[%clk 1:30:31]} e5 {[%clk
1:30:04]} 3. e3 {[%clk 1:29:33]} Nc6 {[%clk 1:24:39]} 4. a3 {[%clk 1:26:01]} d5
{[%clk 1:19:42]} 5. cxd5 {[%clk 1:25:41]} Nxd5 {[%clk 1:20:07]} 6. Qc2 {[%clk
1:25:13]} Be7 {[%clk 1:16:53]} 7. Nf3 {[%clk 1:23:37]} O-O {[%clk 1:15:36]} 8. b4
{[%clk 1:12:18]} Nxc3 {[%clk 1:14:35]} 9. dxc3 {[%clk 1:11:39]} Bf6 {[%clk
1:10:09]} 10. e4 {[%clk 1:09:46]} a5 {[%clk 1:04:38]} 11. Bb2 {[%clk 0:50:27]}
Bg4 {[%clk 0:56:39]} 12. Be2 {[%clk 0:40:15]} axb4 {[%clk 0:54:40]} 13. Rd1
{[%clk 0:37:01]} Qe7 {[%clk 0:50:40]} 14. axb4 {[%clk 0:36:08]} Nd8 {[%clk
0:37:47]} 15. O-O {[%clk 0:29:22]} Ne6 {[%clk 0:36:41]} 16. Ne1 {[%clk 0:24:04]}
Bxe2 {[%clk 0:36:38]} 17. Qxe2 {[%clk 0:24:27]} Nf4 {[%clk 0:33:58]} 18. Qc4
{[%clk 0:20:43]} Rfd8 {[%clk 0:24:39]} 19. Nc2 {[%clk 0:15:58]} Rxd1 {[%clk
0:20:47]} 20. Rxd1 {[%clk 0:16:26]} Rd8 {[%clk 0:20:36]} 21. Qf1 {[%clk 0:13:18]}
Qe6 {[%clk 0:12:13]} 22. Rxd8+ {[%clk 0:13:08]} Bxd8 {[%clk 0:12:34]} 23. Qd1
{[%clk 0:12:52]} Be7 {[%clk 0:11:34]} 24. Ne3 {[%clk 0:10:05]} Bd6 {[%clk
0:08:40]} 25. c4 {[%clk 0:08:34]} Qg6 {[%clk 0:05:47]} 26. Bxe5 {[%clk 0:06:16]}
Qxe4 {[%clk 0:05:08]} 27. Bxf4 {[%clk 0:03:29]} Qxf4 {[%clk 0:05:30]} 28. g3
{[%clk 0:03:53]} Qf6 {[%clk 0:04:18]} 29. c5 {[%clk 0:03:20]} Bf8 {[%clk
0:04:14]} 30. Qd5 {[%clk 0:01:33]} b6 {[%clk 0:03:45]} 31. cxb6 {[%clk 0:01:31]}
Qxb6 {[%clk 0:03:46]} 32. b5 {[%clk 0:00:58]} Qc5 {[%clk 0:03:31]} 33. Kg2 {[%clk
0:01:12]} Qxd5+ {[%clk 0:03:30]} 34. Nxd5 {[%clk 0:01:42]} Bd6 {[%clk 0:03:50]}
35. Kf3 {[%clk 0:02:00]} f6 {[%clk 0:03:20]} 36. Ke4 {[%clk 0:01:37]} Kf7 {[%clk
0:03:46]} 37. f4 {[%clk 0:01:08]} h5 {[%clk 0:01:08]} 38. f5 {[%clk 0:01:02]} g6
{[%clk 0:00:42]} 39. fxg6+ {[%clk 0:00:49]} Kxg6 {[%clk 0:01:07]} 40. Ne3 {[%clk
0:30:48]} Kf7 {[%clk 0:30:37]} 41. Kf5 {[%clk 0:26:08]} Be5 {[%clk 0:14:01]} 42.
Nd5 {[%clk 0:25:33]} h4 {[%clk 0:12:02]} 43. gxh4 {[%clk 0:25:01]} Kg7 {[%clk
0:07:08]} 44. h3 {[%clk 0:23:37]} Kf7 {[%clk 0:04:10]} 45. h5 {[%clk 0:22:59]}
Kg7 {[%clk 0:04:05]} 46. Ke6 {[%clk 0:21:34]} Kh6 {[%clk 0:04:18]} 47. Nxf6
{[%clk 0:21:49]} Bc3 {[%clk 0:03:09]} 48. Kf5 {[%clk 0:20:44]} Ba5 {[%clk
0:02:36]} 49. Kg4 {[%clk 0:20:24]} Kg7 {[%clk 0:02:52]} 50. Nd5 {[%clk 0:20:14]}
Kh6 {[%clk 0:02:02]} 51. Ne3 {[%clk 0:19:33]} Bd2 {[%clk 0:02:05]} 52. Nf5+
{[%clk 0:17:13]} Kh7 {[%clk 0:02:29]} 53. Kf3 {[%clk 0:16:41]} Bc3 {[%clk
0:02:00]} 54. Ke4 {[%clk 0:16:46]} Kg8 {[%clk 0:01:43]} 55. Ne7+ {[%clk 0:13:23]}
Kg7 {[%clk 0:01:35]} 56. Nd5 {[%clk 0:12:50]} Ba5 {[%clk 0:01:56]} 57. Kf5 {[%clk
0:13:08]} Kh6 {[%clk 0:01:42]} 58. Kg4 {[%clk 0:13:27]} Kg7 {[%clk 0:01:44]} 59.
Kg5 {[%clk 0:13:48]} Bd2+ {[%clk 0:01:43]} 60. Kf5 {[%clk 0:11:04]} Ba5 {[%clk
0:02:09]} 61. Ke6 {[%clk 0:07:48]} Kh6 {[%clk 0:02:04]} 62. Kd7 {[%clk 0:07:47]}
Kxh5 {[%clk 0:02:03]} 63. Nxc7 {[%clk 0:07:31]} Kh4 {[%clk 0:02:05]} 64. Kc6
{[%clk 0:07:44]} Kxh3 {[%clk 0:02:08]} 65. Nd5 {[%clk 0:07:59]} Kg4 {[%clk
0:02:00]} 66. Ne3+ {[%clk 0:08:21]} Kf4 {[%clk 0:01:02]} 67. Nc4 {[%clk 0:08:31]}
Be1 {[%clk 0:00:55]} 68. b6 {[%clk 0:08:53]} Bf2 {[%clk 0:00:58]} 69. b7 {[%clk
0:09:19]} Ba7 {[%clk 0:01:24]} 70. Kc7 {[%clk 0:08:44]} Kf5 {[%clk 0:01:00]} 71.
Nd6+ {[%clk 0:08:07]} Ke6 {[%clk 0:01:14]} 72. Nb5 {[%clk 0:08:29]} Bf2 {[%clk
0:00:47]} 73. Kc8 {[%clk 0:08:55]} Kd5 {[%clk 0:00:03]} 1-0

[Event "U20 Polish Youth Championship"]
[Site "Ustron"]
[Date "2019.11.25"]
[Round "3"]
[White "Karolczuk, Iwo"]
[Black "Oglaza, Oskar"]
[Result "0-1"]
[Board "15"]
[WhiteElo "1982"]
[WhiteCountry "POL"]
[WhiteFideId "21816972"]
[WhiteEloChange "-2"]
[BlackElo "2360"]
[BlackTitle "FM"]
[BlackCountry "POL"]
[BlackFideId "1194402"]
[BlackEloChange "2"]

1. d4 {[%clk 1:30:57]} Nf6 {[%clk 1:30:57]} 2. Nf3 {[%clk 1:31:23]} e6 {[%clk
1:31:23]} 3. e3 {[%clk 1:31:49]} b6 {[%clk 1:31:42]} 4. Bd3 {[%clk 1:32:13]} Bb7
{[%clk 1:32:10]} 5. O-O {[%clk 1:32:36]} c5 {[%clk 1:32:39]} 6. c4 {[%clk
1:32:59]} Be7 {[%clk 1:33:04]} 7. Nc3 {[%clk 1:33:22]} O-O {[%clk 1:33:18]} 8. d5
{[%clk 1:33:20]} exd5 {[%clk 1:33:46]} 9. cxd5 {[%clk 1:33:42]} d6 {[%clk
1:34:12]} 10. e4 {[%clk 1:33:53]} Nbd7 {[%clk 1:34:35]} 11. a4 {[%clk 1:29:06]}
a6 {[%clk 1:33:52]} 12. h3 {[%clk 1:23:04]} Re8 {[%clk 1:33:59]} 13. Bf4 {[%clk
1:23:26]} Bf8 {[%clk 1:31:45]} 14. Nd2 {[%clk 1:23:18]} Ne5 {[%clk 1:29:46]} 15.
Be2 {[%clk 1:23:29]} Rc8 {[%clk 1:20:24]} 16. Bh2 {[%clk 1:14:09]} Qc7 {[%clk
1:15:51]} 17. f4 {[%clk 1:12:45]} Ned7 {[%clk 1:15:47]} 18. Bc4 {[%clk 1:04:09]}
Kh8 {[%clk 1:08:45]} 19. Re1 {[%clk 1:03:10]} Ng8 {[%clk 1:08:26]} 20. Nf3 {[%clk
1:03:06]} f6 {[%clk 1:07:09]} 21. Qd3 {[%clk 0:55:22]} Nh6 {[%clk 1:06:52]} 22.
Re2 {[%clk 0:45:37]} Nf7 {[%clk 1:06:54]} 23. Rf1 {[%clk 0:33:46]} g6 {[%clk
1:05:01]} 24. h4 {[%clk 0:29:15]} Bg7 {[%clk 1:05:12]} 25. Qd2 {[%clk 0:28:06]}
Qd8 {[%clk 1:04:26]} 26. g4 {[%clk 0:25:53]} h6 {[%clk 0:54:19]} 27. h5 {[%clk
0:20:57]} g5 {[%clk 0:54:46]} 28. f5 {[%clk 0:20:25]} Nfe5 {[%clk 0:54:51]} 29.
Bxe5 {[%clk 0:20:26]} Nxe5 {[%clk 0:55:13]} 30. Nxe5 {[%clk 0:20:53]} Rxe5 {[%clk
0:55:40]} 31. Qd3 {[%clk 0:21:13]} Ra8 {[%clk 0:55:39]} 32. Rb1 {[%clk 0:19:54]}
Qc7 {[%clk 0:55:38]} 33. b3 {[%clk 0:19:59]} Bf8 {[%clk 0:55:19]} 34. Reb2 {[%clk
0:19:10]} Be7 {[%clk 0:55:09]} 35. Kg2 {[%clk 0:19:04]} Bd8 {[%clk 0:52:07]} 36.
Kf3 {[%clk 0:19:00]} Re8 {[%clk 0:50:15]} 37. Nd1 {[%clk 0:16:19]} Qe7 {[%clk
0:47:21]} 38. Qe3 {[%clk 0:14:46]} Bc7 {[%clk 0:45:36]} 39. Rd2 {[%clk 0:12:56]}
Bc8 {[%clk 0:44:36]} 40. b4 {[%clk 0:41:44]} cxb4 {[%clk 1:10:57]} 41. Rxb4
{[%clk 0:40:38]} Bd7 {[%clk 1:11:24]} 42. Ra2 {[%clk 0:36:26]} b5 {[%clk
1:00:40]} 43. axb5 {[%clk 0:36:31]} Bb6 {[%clk 1:01:09]} 44. Qe2 {[%clk 0:33:40]}
a5 {[%clk 1:00:58]} 45. Rba4 {[%clk 0:33:02]} Qe5 {[%clk 1:01:19]} 46. Bd3 {[%clk
0:32:29]} Qf4+ {[%clk 1:00:59]} 47. Kg2 {[%clk 0:32:35]} Rec8 {[%clk 1:01:05]}
48. Ra1 {[%clk 0:24:52]} Rc5 {[%clk 0:58:47]} 49. Ne3 {[%clk 0:20:06]} Rc3 {[%clk
0:57:50]} 50. Nd1 {[%clk 0:15:14]} Rxd3 {[%clk 0:56:05]} 51. Qxd3 {[%clk
0:15:33]} Bxb5 {[%clk 0:56:33]} 52. Qxb5 {[%clk 0:13:23]} Qxg4+ {[%clk 0:56:57]}
53. Kf1 {[%clk 0:13:36]} Qg1+ {[%clk 0:49:06]} 54. Ke2 {[%clk 0:13:41]} g4 {[%clk
0:46:40]} 55. R4a3 {[%clk 0:06:33]} Rb8 {[%clk 0:29:39]} 56. Qd3 {[%clk 0:06:38]}
Qg2+ {[%clk 0:29:56]} 57. Ke1 {[%clk 0:07:01]} Re8 {[%clk 0:30:04]} 58. R1a2
{[%clk 0:06:17]} Rxe4+ {[%clk 0:30:17]} 59. Re2 {[%clk 0:06:42]} Qg1+ {[%clk
0:30:41]} 60. Kd2 {[%clk 0:07:05]} Rd4 {[%clk 0:31:09]} 61. Qxd4 {[%clk 0:06:36]}
Qxd4+ {[%clk 0:31:02]} 62. Rd3 {[%clk 7:06:32]} Qf4+ {[%clk 0:29:39]} 63. Ke1
{[%clk 0:06:58]} g3 {[%clk 0:28:56]} 64. Rb3 {[%clk 0:06:01]} Qh4 {[%clk
0:29:06]} 65. Re8+ {[%clk 0:05:33]} Kg7 {[%clk 0:29:33]} 66. Rxb6 {[%clk
0:05:32]} g2+ {[%clk 0:29:55]} 67. Ke2 {[%clk 0:05:31]} Qg4+ {[%clk 0:30:14]} 68.
Kd3 {[%clk 0:04:51]} Qxd1+ {[%clk 0:30:39]} 69. Kc3 {[%clk 0:05:08]} Kf7 {[%clk
0:30:10]} 70. Reb8 {[%clk 0:02:33]} Qf3+ {[%clk 0:30:33]} 71. Kc4 {[%clk
0:01:53]} Qe2+ {[%clk 0:30:51]} 72. Kc3 {[%clk 0:02:14]} Qe3+ {[%clk 0:31:17]}
0-1

[Event "U20 Polish Youth Championship"]
[Site "Ustron"]
[Date "2019.11.25"]
[Round "3"]
[White "Leskiewicz, Ignacy"]
[Black "Karwacki, Piotr"]
[Result "1-0"]
[Board "16"]
[WhiteElo "2138"]
[WhiteCountry "POL"]
[WhiteFideId "1185870"]
[WhiteEloChange "5"]
[BlackElo "1952"]
[BlackCountry "POL"]
[BlackFideId "21852200"]
[BlackEloChange "-5"]

1. e4 {[%clk 1:30:30]} c5 {[%clk 1:30:30]} 2. Nf3 {[%clk 1:30:34]} d6 {[%clk
1:30:30]} 3. d4 {[%clk 1:31:23]} cxd4 {[%clk 1:31:44]} 4. Nxd4 {[%clk 1:31:44]}
Nf6 {[%clk 1:32:07]} 5. Nc3 {[%clk 1:32:06]} a6 {[%clk 1:32:33]} 6. Bc4 {[%clk
1:30:16]} e6 {[%clk 1:32:38]} 7. Bb3 {[%clk 1:29:58]} b5 {[%clk 1:31:35]} 8. Bg5
{[%clk 1:30:18]} Be7 {[%clk 1:31:21]} 9. Qf3 {[%clk 1:29:52]} Qc7 {[%clk
1:26:55]} 10. e5 {[%clk 1:30:15]} Bb7 {[%clk 1:26:56]} 11. exd6 {[%clk 1:30:40]}
Bxd6 {[%clk 1:26:59]} 12. Qe3 {[%clk 1:31:04]} Bc5 {[%clk 1:16:32]} 13. O-O-O
{[%clk 1:31:26]} Nc6 {[%clk 1:06:06]} 14. Qxe6+ {[%clk 1:31:45]} fxe6 {[%clk
1:05:11]} 15. Nxe6 {[%clk 1:32:13]} Qe7 {[%clk 0:43:25]} 16. Rhe1 {[%clk
1:12:04]} Nd4 {[%clk 0:34:26]} 17. Nxc5 {[%clk 0:34:39]} Nxb3+ {[%clk 0:33:20]}
18. axb3 {[%clk 0:35:08]} Bc6 {[%clk 0:31:31]} 19. f3 {[%clk 0:29:14]} h6 {[%clk
0:27:30]} 20. Bh4 {[%clk 0:26:20]} g5 {[%clk 0:22:33]} 21. Bg3 {[%clk 0:22:51]}
b4 {[%clk 0:18:28]} 22. Rxe7+ {[%clk 0:21:14]} Kxe7 {[%clk 0:18:50]} 23. Rd6
{[%clk 0:18:56]} bxc3 {[%clk 0:17:11]} 24. Rxc6 {[%clk 0:19:10]} Rhc8 {[%clk
0:16:42]} 25. Re6+ {[%clk 0:14:45]} Kf7 {[%clk 0:16:51]} 26. Re5 {[%clk 0:14:58]}
cxb2+ {[%clk 0:16:34]} 27. Kxb2 {[%clk 0:15:27]} Ra7 {[%clk 0:15:39]} 28. Bf2
{[%clk 0:09:02]} Nd7 {[%clk 0:13:21]} 29. Rf5+ {[%clk 0:07:45]} Kg6 {[%clk
0:13:42]} 30. Rd5 {[%clk 0:07:55]} Nxc5 {[%clk 0:13:10]} 31. Bxc5 {[%clk
0:07:53]} Rac7 {[%clk 0:12:58]} 32. b4 {[%clk 0:07:41]} Rc6 {[%clk 0:10:52]} 33.
Kb3 {[%clk 0:07:26]} Re8 {[%clk 0:09:13]} 34. Rd2 {[%clk 0:07:44]} Re1 {[%clk
0:06:46]} 35. Kc4 {[%clk 0:05:51]} Re5 {[%clk 0:05:31]} 36. c3 {[%clk 0:06:00]}
Ree6 {[%clk 0:04:18]} 37. h3 {[%clk 0:03:23]} Rf6 {[%clk 0:03:49]} 38. Rd7 {[%clk
0:03:21]} Rf5 {[%clk 0:02:58]} 39. Kd3 {[%clk 0:02:57]} Rf4 {[%clk 0:02:38]} 40.
Bd4 {[%clk 0:32:32]} Rf7 {[%clk 0:32:35]} 41. Rd5 {[%clk 0:31:32]} Rf5 {[%clk
0:32:01]} 42. Rd7 {[%clk 0:28:57]} Rf7 {[%clk 0:31:55]} 43. Rd8 {[%clk 0:29:12]}
Kf5 {[%clk 0:31:50]} 44. Re8 {[%clk 0:26:09]} Kf4 {[%clk 0:31:24]} 45. Be5+
{[%clk 0:13:31]} Kf5 {[%clk 0:31:48]} 46. c4 {[%clk 0:12:24]} Rd7+ {[%clk
0:30:43]} 47. Bd4 {[%clk 0:11:47]} Rcd6 {[%clk 0:29:54]} 48. Re4 {[%clk 0:11:55]}
h5 {[%clk 0:29:25]} 49. c5 {[%clk 0:10:37]} Rd5 {[%clk 0:29:38]} 50. Kc4 {[%clk
0:10:27]} Rd8 {[%clk 0:30:00]} 51. Bc3 {[%clk 0:10:08]} R5d7 {[%clk 0:28:11]} 52.
g4+ {[%clk 0:05:59]} hxg4 {[%clk 8:18:20]} 53. hxg4+ {[%clk 0:06:28]} Kg6 {[%clk
0:28:43]} 54. Re6+ {[%clk 0:06:44]} 1-0